书目信息 |
| 题名: |
捉放曹
|
|
| 作者: | 张文涓 , 王玉田 整理 | |
| 分册: | ||
| 出版信息: | 上海 上海文艺出版社 1982.10 |
|
| 页数: | 63页 | |
| 开本: | 26cm | |
| 丛书名: | ||
| 单 册: | ||
| 中图分类: | J643.1 | |
| 科图分类: | ||
| 主题词: | 音乐--作品--中国 | |
| 电子资源: | ||
| ISBN: | ||
| 000 | 00590nam0 2200205 45 | |
| 001 | 0312221749 | |
| 005 | 20051109160007.96 | |
| 010 | @dCNY0.39 | |
| 100 | @a20031222d1982 km y0chiy0120 ea | |
| 101 | @achi | |
| 200 | 1 | @a捉放曹@AZhuo Fang Cao@e京剧曲谱@EJing Ju Qu Pu@f张文涓,王玉田整理@FZhang Wen Juan,Wang Yu Tian Zheng Li |
| 210 | @a上海@c上海文艺出版社@d1982.10 | |
| 215 | @a63页@d26cm | |
| 517 | @a京剧曲谱@AJing Ju Qu Pu | |
| 606 | 0 | @a音乐@x作品@x中国 |
| 690 | @aJ643.1@v3 | |
| 701 | 0 | @a张文涓@4整理 |
| 701 | 0 | @a王玉田@4整理 |
| 801 | @aCN@bTSTCL@c20051109 | |
| 905 | @dJ643.1@e105 | |
| 捉放曹:京剧曲谱/张文涓,王玉田整理.-上海:上海文艺出版社,1982.10 |
| 63页;26cm |
| ISBN :CNY0.39 |
| ● |
| 相关链接 |
|
|
|
|
正题名:捉放曹
索取号:J643.1/105
 
预约/预借
| 序号 | 登录号 | 条形码 | 馆藏地/架位号 | 状态 | 备注 |
| 1 | 0208897 | 001202816 | 第一借阅区/ [索取号:J643.1/105] | 在馆 | |
| 2 | 0208898 | 001202488 | 第一样本阅览室/ [索取号:J643.1/105] | 在馆 | |
| 3 | 0208899 | 202134225 | 密集书库/ [索取号:J643.1/105] | 在馆 | |
| 4 | 0274228 | 001237478 | 第一样本阅览室/ [索取号:J643.1/105] | 在馆 |